Las ideas filosóficas que influyeron en la formación del Uruguay contemporáneo. (Record no. 2383)
[ view plain ]
| 000 -CABECERA | |
|---|---|
| campo de control de longitud fija | 00820cam a2200205 a 4500 |
| 001 - NÚMERO DE CONTROL | |
| campo de control | 000002547 |
| 005 - FECHA Y HORA DE LA ÚLTIMA TRANSACCIÓN | |
| campo de control | 20200929150218.0 |
| 008 - DATOS DE LONGITUD FIJA--INFORMACIÓN GENERAL | |
| campo de control de longitud fija | 900315s1988 uy 101 0 spa |
| 040 ## - FUENTE DE LA CATALOGACIÓN | |
| Centro catalogador/agencia de origen | DO-SdBNP |
| Lengua de catalogación | spa |
| Centro/agencia transcriptor | BNPHU |
| 082 ## - NÚMERO DE LA CLASIFICACIÓN DECIMAL DEWEY | |
| Número de clasificación | 989.504 |
| Número de documento/Ítem | S612i |
| 111 2# - ENTRADA PRINCIPAL--NOMBRE DE CONGRESO/REUNIÓN | |
| Nombre de congreso/reunión o jurisdicción como elemento de entrada | Simposio Internacional, coloquios y conferencia |
| Sede del congreso/Lugar de la reunión | Parque Hotel, Montevideo, Uruguay |
| Fecha del congreso/reunión | Del 7 al 10 de Junio de 1988 |
| 9 (RLIN) | 8007 |
| 245 14 - MENCIÓN DE TÍTULO | |
| Título | Las ideas filosóficas que influyeron en la formación del Uruguay contemporáneo. |
| 260 ## - PUBLICACIÓN, DISTRIBUCIÓN, ETC. | |
| Lugar de publicación, distribución, etc. | Montevideo, Uruguay : |
| Nombre del editor, distribuidor, etc. | Fundación Prudencio Vázquez y Vega, |
| Fecha de publicación, distribución, etc. | 1988. |
| 300 ## - DESCRIPCIÓN FÍSICA | |
| Extensión | 2 t. ; |
| Dimensiones | 26 cm. |
| 490 1# - MENCIÓN DE SERIE | |
| Mención de serie | Cuadernos |
| 651 #4 - PUNTO DE ACCESO ADICIONAL DE MATERIA--NOMBRE GEOGRÁFICO | |
| Nombre geográfico | Uruguay |
| Subdivisión general | Política Y Gobierno |
| Subdivisión cronológica | 1810- |
| Subdivisión general | Filosofía |
| -- | Congreso |
| 9 (RLIN) | 8008 |
| 710 2# - PUNTO DE ACCESO ADICIONAL--NOMBRE DE ENTIDAD CORPORATIVA | |
| Nombre de entidad corporativa o nombre de jurisdicción como elemento de entrada | Fundación Prudencio Vázquez y Vega. |
| 9 (RLIN) | 8009 |
| 710 2# - PUNTO DE ACCESO ADICIONAL--NOMBRE DE ENTIDAD CORPORATIVA | |
| Nombre de entidad corporativa o nombre de jurisdicción como elemento de entrada | Fundación Hanns-Seidel |
| 9 (RLIN) | 8010 |
| 830 #0 - PUNTO DE ACCESO ADICIONAL DE SERIE-TÍTULO UNIFORME | |
| Título uniforme | Cuadernos. |
| 9 (RLIN) | 8011 |
| Estado de retiro | Estado de pérdida | Restricciones de uso | No para préstamo | Código de colección | Localización permanente | Ubicación/localización actual | Ubicación en estantería | Fecha de adquisición | Número de inventario | Total de préstamos | Signatura topográfica completa | Código de barras | Fecha visto por última vez | Precio válido a partir de | Tipo de ítem Koha |
|---|---|---|---|---|---|---|---|---|---|---|---|---|---|---|---|
| Préstamo interno | Monografías: Libros y Folletos | General | General | En catalogación | 18.09.2009 | LF1 | 989.504 S612i | 2547-10 | 25.06.2020 | 25.06.2020 | Préstamo interno |
